Words Pertaining to Things #4 - Statistics

General Stats
  • This quiz has been taken 15,559 times
  • The average score is 14 of 24
Answer Stats
Word Pertains to … % Correct
Ocular Eye
97%
Thermal Heat
97%
Masculine Men
96%
Annual Year
96%
Oral Mouth
93%
Gastric Stomach
85%
Geriatric Elderly
79%
Tactile Touch
67%
Porcine Pigs
65%
Ferric Iron
63%
Pulmonary Lungs
62%
Temporal Time
61%
Occidental West
52%
Diabolical Devil
51%
Palatial Palaces
48%
Hibernal Winter
42%
Gubernatorial Governors
39%
Ambulatory Walking
34%
Filial Son / daughter
33%
Fluvial Rivers
31%
Ducal Duke
29%
Insular Islands
25%
Littoral Shore
20%
Avuncular Uncles
14%
No matching quizzes found
Score Distribution
Percent of People with Each Score
Percentile by Number Answered
Your Score History
You have not taken this quiz